000 00507cam a2200169 4500500
005 20260405000428.0
041 _afre
042 _adc
100 1 0 _aGazalé, Olivia
_eauthor
245 0 0 _aReine de beauté… alternative
260 _c2007.
500 _a45
690 _aAlternatif
690 _aBeauté
786 0 _nPhilosophie magazine | 10 | 6 | 2007-06-01 | p. 2-2 | 1951-1787
856 4 1 _uhttps://shs.cairn.info/magazine-philosophie-magazine-2007-6-page-2?lang=fr&redirect-ssocas=7080
999 _c2036991
_d2036991